Регионална библиотека "Любен Каравелов" - Русе

Екипажът на "Пандора" (Запис номер 90319)

MARC детайли
000 -Лидер
Контролно поле с фиксирана дължина 01644nam a2200325 c 4500
003 - Код на организацията, давaща контролен номер
Контролно поле BLK
005 - Дата и час на последна редакция
Контролно поле 20230506024440.0
008 - Елементи от данни с фиксирана дължина
fixed length control field 180408b bul|||||r ||||||| ||bul||
010 ## - Наследен системен номер
LC control number KNG00095058000
040 ## - Източник на каталожния запис
Идентификатор на билиотеката - собственик на записа BLK
041 ## - Код за език
Код за езика на текст/звукозапис или на отделно заглавие Български
Код за езика КДБФ Български
080 ## - УДК
Текстов определител УДК Английска литература
УДК код - определител по УДК 821.111
УДК определител -31
УДК - код + определител 821.111-31
100 1# - Редна дума - Автор
Автор Рид, Томас Майн
Дати, свързани с автора 1818-1883
Авторска отговорност първи автор
R(LIN) 365222
139 ## - Редно поле
Редна дума Рид, Томас Майн
Авторски знак Рид - Р 59
245 10 - Сведения за заглавието
Заглавие Екипажът на "Пандора"
Подзаглавни данни Роман
Редно поле (дума) Томас Майн Рид; прев. Димитър Подвързачов; ил. Георги Попов.
250 ## - Област на изданието
Сведения за изданието 2. изд.
257 ## - Страна на издаване
Страна на създаване/издаване Великобритания
260 ## - Област на издателските данни
-- София
Име на издателя, разпространителя и проч. Т Т
Година на издаване 1991
Печатница Ямбол : печ. Г. Димитров
300 ## - Физическа характеристика
Страници 96 с.
Илюстрации и др. с ил.
Размери/Мащаб 20 см
380 ## - Жанр
Жанр Детска худож. лит.
490 1# - СЕРИИ (Колекции)
Име на серия Поредица Избрани приключенски романи : Бестселър на всички времена
500 ## - Общи забележки
Забележка Ориг. загл. The Ocean Waif / Mayne Reid. - 1. изд. [1919] със загл. Даровете на океана на изд. Наша родина - Плевен в прев. на И. Кипарисов ; В кн. за 1. изд. се счита [1920] на Иван Г. Игнатов и синове в прев. на Д. Подвързачов.
700 1# - Други автори (авторска отговорност)
Лично име Подвързачов, Димитър
Автороска отговорност (Описва отношението между автора и произведението) прев.
9 (RLIN) 364693
700 1# - Други автори (авторска отговорност)
Лично име Попов, Георги
Автороска отговорност (Описва отношението между автора и произведението) ил.
9 (RLIN) 366593
852 ## - Местоположение
Форматна сигнатура Цб 178674
856 4# - Електронен адрес и достъп
Електронен формат pdf - файл
Път до файла /url/
856 4# - Електронен адрес и достъп
Електронен формат pdf - файл
Път до файла /url/
942 ## - АРТИКУЛИ
Вид на библиотечния материал Книги
Скрит в OPAC Не
944 ## - СЪЗДАВАНЕ И РЕДАКЦИЯ на ЗАПИСА
Създаване/Редакция Създаване
Дата на регистрацията/редакция 31.03.2010
Статус, дата на статуса ф /
Служител, извършил регистрацията/редакцията Людмила_Стоянова
944 ## - СЪЗДАВАНЕ И РЕДАКЦИЯ на ЗАПИСА
Създаване/Редакция Редакция
Дата на регистрацията/редакция 20.09.2017
Статус, дата на статуса ф /
Служител, извършил регистрацията/редакцията Севдалина_Василева
999 ## - СИСТЕМНИ КОНТРОЛНИ НОМЕРА
Koha biblionumber 90319
Koha biblioitemnumber 90319
Наличности
Код за отписване Код за изгубен артикул Код за повреда Коз за рестрикции Код за отдаване Артикулен № Име на библиотеката - собственик Име на библиотеката, в която се намира в момента Статус (Текущо местоположение) Дата на вписване в системата Местоположение - отдел Цена в лева Инвентарен номер Систематично азбучна сигнатура Баркод Номер на екземпляра Цена в евро Служебна бележка Служебен тип на артикула Източник на класификационната схема Бележка за публиката
  Не е изгубен Не е повреден без рестрикции заемане за дома 146073 Регионална библиотека "Любен Каравелов" Русе Регионална библиотека "Любен Каравелов" Русе Детски отдел 2010-03-29 Детски отдел 2.00 120000743082 ДХ 820/899/Р 59 120000743082 1 1.02 Дост: DA Вид: А N: 10 Дата: 29.03.2010 Дата инв: 14.09.2015 Бележки инв: Д2015 Книги    
  Не е изгубен Не е повреден без рестрикции ползва се в читалня 146074 Регионална библиотека "Любен Каравелов" Русе Регионална библиотека "Любен Каравелов" Русе Хранилище 2001-01-01 Хранилище 6.98 545505 Цб 178674 120000545505 2 3.57 Дост: Dp Вид: Д N: стар фонд Дата: 01.01.1991 Дата инв: 17.09.2015 Бележки инв: Цб2015 Книги Universal Decimal Classification  
Изтеглен Не е изгубен Не е повреден без рестрикции заемане за дома 146075 Регионална библиотека "Любен Каравелов" Русе Регионална библиотека "Любен Каравелов" Русе Детски отдел 1991-01-01 Детски отдел 6.98 544474 ДХ 820/899/Р 59 544474 3 3.57 Дост: Pk Вид: Ф N: стар фонд Дата: 01.01.1991 Дата инв: 14.09.2015 Бележки инв: Д2015 Книги    
Изтеглен Не е изгубен Не е повреден без рестрикции заемане за дома 146076 Регионална библиотека "Любен Каравелов" Русе Регионална библиотека "Любен Каравелов" Русе   1991-01-01 Детски отдел 0.98 544478 ДХ 820/899/Р 59 544478 4 0.50 Дост: Pk Вид: Ф N: стар фонд Дата: 01.01.1991 Дата инв: 14.09.2015 Бележки инв: Д2015 Книги   Отч.N: 47/2017 , Дата: 05.10.2017
Изтеглен Не е изгубен Не е повреден без рестрикции заемане за дома 146077 Регионална библиотека "Любен Каравелов" Русе Регионална библиотека "Любен Каравелов" Русе   1991-01-01 Детски отдел 6.98 544479 ДХ 820/899/Р 59 544479 5 3.57 Дост: Pk Вид: Ф N: стар фонд Дата: 01.01.1991 Дата инв: 24.09.2015 Бележки инв: Д2015 Книги   Отч.N: 33/2017 , Дата: 04.09.2017
Vip Innovations Ltd, Rousse, Bulgaria 2025